000 00653nam a2200241Ia 4500
003 OSt
005 20220928104644.0
006 a|||||r|||| 00| 0
007 ta
008 220927b |||||||| |||| 00| 0 eng d
024 _a69212
037 _cTextual
040 _aSDCL
_cSDCL
_beng
041 _2eng
_aeng
082 _aX:51:f, P6
100 _aGoel B R
_9411449
245 0 _aHistory and development of marketing research
260 _aNew Delhi
_bArise Publishers & Distributors
_c2006
300 _a296p
_ccm.
650 _aMarket Research
_9406009
942 _hX:51:f, P6
_cTEXL
_2CC
999 _c727119
_d727119